000 00941cam a2200193 4500
001 WB3915-01
008 030424n2003 000 0 eng u
035 _a(Sirsi) u122085
245 _aRICS Books building contracts website launched
260 _c2003
490 _aRICS News Service
_v 24 April 2003 (1)
520 _aRICS Books has launched a new section on the website dedicated entirely to JCT and other forms of building contract. Contains full browsing and search facilities, with online ordering and details of allied publications and services. http://www.rics.org/ricscms/bin/show?class=News&template=/includes/shownews.html&id=5559&faculty=RICS
590 _aWB
650 _aBUILT ENVIRONMENT-BUILDING CONTRACT FORMS-STANDARD FORMS OF BUILDING CONTRACT-JOINT CONTRACTS TRIBNUAL CONTRACTS
650 _aBUILT ENVIRONMENT-BUILDING CONTRACT FORMS
650 _aONLINE SERVICES
690 _aBUILT ENVIRONMENT
942 _n0
999 _c72542
_d72542